| 000 | 00419 a2200169 4500 | ||
|---|---|---|---|
| 001 | 56803 | ||
| 020 | _a852621733x | ||
| 040 | _cAnchieta - Pituba | ||
| 100 | _aMachado, Ana Maria | ||
| 240 | 1 | 0 |
_aO rei Artur e os cavaleiros da távola redonda _lpor |
| 245 | 1 | 0 | _aO rei Artur e os cavaleiros da távola redonda |
| 300 | _a80 | ||
| 362 | 0 | _a1993 | |
| 440 | 1 | _aScipione | |
| 650 | 4 | _aLiteratura juvenil | |
| 942 | _cBK | ||
| 999 |
_c56803 _d56803 |
||